[Event "TUR-ch U07/12"]
[Site "Antalya"]
[Date "2023.01.26"]
[Round "7"]
[White "Akin, Mehmet Efe"]
[Black "Varyemez, Ali"]
[Result "0-1"]
[WhiteElo "1398"]
[BlackElo "1554"]
[PlyCount "94"]
[EventDate "2023.01.17"]
[EventType "swiss"]
[EventRounds "10"]
[EventCountry "TUR"]
[SourceTitle "EXT 2024"]
[Source "ChessBase"]
[SourceDate "2023.10.10"]
[SourceVersion "1"]
[SourceVersionDate "2023.10.10"]
[SourceQuality "1"]

1. Nf3 d5 2. g3 Nc6 3. d4 Bf5 4. Bg2 Nb4 5. Na3 e6 6. c3 Nc6 7. Nc2 Nf6 8. b4 Ne4 9. Bd2 Be7 10. a4 0-0 11. Ne3 Bg6 12. b5 Na5 13. c4 Nxd2 14. Nxd2 Bb4 15. Ra2 dxc4 16. 0-0 c3 17. Nb3 Nxb3 18. Qxb3 Qxd4 19. Bxb7 Rad8 20. Nc2 Bxc2 21. Rxc2 Rd6 22. Rfc1 Rfd8 23. e3 Qc5 24. Bf3 Ba5 25. Be2 h5 26. Qc4 Qa3 27. Bxh5 Rd2 28. Bf3 Qb4 29. Qa2 R8d3 30. Be2 Rd5 31. Qc4 Rxc2 32. Rxc2 Qb1+ 33. Kg2 Qxc2 34. Bf3 Rd2 35. Qf1 Rxf2+ 36. Qxf2 Qxf2+ 37. Kxf2 c2 38. Bc6 c1Q 39. Be4 f5 40. Bc6 Qe1+ 41. Kg2 Qxe3 42. Bb7 Qe2+ 43. Kh3 g5 44. Bc6 Kg7 45. Bb7 g4+ 46. Kh4 Qxh2+ 47. Kg5 Bd2# 0-1

[Event "TUR-ch U07/12"]
[Site "Antalya"]
[Date "2023.01.24"]
[Round "5"]
[White "Unsal, Gorkem"]
[Black "Varyemez, Ali"]
[Result "0-1"]
[WhiteElo "1777"]
[BlackElo "1554"]
[PlyCount "64"]
[EventDate "2023.01.17"]
[EventType "swiss"]
[EventRounds "10"]
[EventCountry "TUR"]
[SourceTitle "EXT 2024"]
[Source "ChessBase"]
[SourceDate "2023.10.10"]
[SourceVersion "1"]
[SourceVersionDate "2023.10.10"]
[SourceQuality "1"]

1. e4 c5 2. Nf3 e6 3. d3 Nc6 4. g3 Nf6 5. Bg2 d6 6. 0-0 Be7 7. c3 0-0 8. Re1 Qc7 9. d4 cxd4 10. cxd4 d5 11. e5 Ne4 12. Nbd2 Nxd2 13. Bxd2 Qb6 14. Bc3 Bd7 15. h4 Rac8 16. Qd2 a6 17. h5 h6 18. g4 Qd8 19. Bf1 f5 20. exf6 Rxf6 21. Ne5 Nxe5 22. Rxe5 Bd6 23. Bd3 Bxe5 24. dxe5 Rf3 25. Qe2 Rh3 26. Kg2 Qh4 27. Rg1 Rf8 28. Bd4 Rf4 29. Kf1 Rxd4 30. f3 Rh2 31. Rg2 Rh1+ 32. Rg1 Rxd3 0-1